000 00826nam0a22002291 4500
001 rc\598890
005 20031121163437.1
035 _a(NLR Aleph) 005843392
090 _a5702892
_c5702892
100 _a20031121d1986 u |0rusy50 ca
101 0 _arus
102 _aRU
105 _ay |||||||||
200 1 _aГибкое автоматизированное производство
_e(Опыт Ивановского станкостроительного производственного объединения им. 50-летия СССР)
_fГос. ком. СССР по науке и технике
210 _aМ.
_cБ. и.
_d1986
215 _a[1], 14 с.
_d20
700 1 _aГурычев
_bС. Е.
801 0 _aRU
_bNLR
_gpsbo
801 1 _aRU
_bELAR
_2rusmarc
852 _aNLR
_j88-6/683
942 _cBOOK
980 _aNB